Analýza šmykovej odolnosti vrubových kĺbov

Enregistré dans:
Détails bibliographiques
Auteur principal: Havlíček, Peter (Auteur)
Autres auteurs: Šoltész, Július (Directeur de thèse)
Format: Manuscrit Livre
Langue:slovaque
Publié: 2020
Sujets:
Accès en ligne:http://is.stuba.sk/zp/portal_zp.pl?podrobnosti=138932
Tags: Ajouter un tag
Pas de tags, Soyez le premier à ajouter un tag!

MARC

LEADER 00000ntm a22000003a 4500
001 stuzp60070
003 SK-STU
005 20200829210404.2
007 ta
008 150427s2015----xo-----f-mn---000-0-slo-d
040 |a STU  |b slo 
041 0 |a slo 
100 1 |a Havlíček, Peter  |u 010110  |4 aut  |U SvF Stavebná fakulta  |T SvF Katedra betónových konštrukcií a mostov  |X 42113  |U V110  |Y 11  |7 A000042113 
242 0 1 |a Analysis of shear resistance of concrete joints  |y eng 
245 1 0 |a Analýza šmykovej odolnosti vrubových kĺbov 
260 |c 2020 
650 4 |a Vrubové kĺby  |2 slo 
650 4 |a šmyková odolnosť  |2 slo 
650 4 |a Betónové kĺby  |2 slo 
650 4 |a Concrete hinges  |2 eng 
650 4 |a Shear resistance  |2 eng 
650 4 |a notched hinges  |2 eng 
700 1 |a Šoltész, Július  |u 010110  |k Z1  |4 ths  |U SvF Stavebná fakulta  |T SvF Katedra betónových konštrukcií a mostov  |X 638  |U V110  |Y 11  |7 A000000638 
856 4 |u http://is.stuba.sk/zp/portal_zp.pl?podrobnosti=138932